000 00935cab a2200265 4500
001 ABS51281
008 090401t1994 xxu||||| |||| 00| 0 eng d
035 _a(Sirsi) u19499
041 _aeng
100 _aHoesli, M.
245 _aReal estate as a hedge against inflation: learning from the Swiss case
260 _c1994
350 _a0
490 _aJournal of Property Valuation and Investment
_v12(3) 1994, 51-59(9)
520 _aStates that in the long run real estate seems to provide a better hedge against inflation than coomon stock. Illustrated by using Swiss real estate data for the period 1943-1991.
650 _aINFLATION HEDGING
650 _aLONG-TERM
650 _aPORTFOLIO PLANNING
650 _aPROPERTY INVESTMENT
650 _aSWITZERLAND
690 _aPROPERTY-COMMERCIAL PROPERTY-COMMERCIAL PROPERTY FINANCE AND INVESTMENT
690 _aOVERSEAS-EUROPE
942 _n0
948 _c04/03/1997
999 _c13022
_d13022